| 000 | 00516nam a2200157 4500 | ||
|---|---|---|---|
| 003 | CO-ViMGA | ||
| 020 | _a9786070507137 | ||
| 040 |
_aCO-ViMGA _bspa _cCO-ViMGA |
||
| 082 | 0 | 4 |
_a624 _bA51n. |
| 100 | 1 |
_aAlbarrán Nuñez, José F. _94602 |
|
| 245 | 1 | 0 |
_aNotas para ingenieros de proyecto 1 / _bProcesos de ingeniería en proyectos de infraestructura, _cJosé F. Albarrán Nuñez. |
| 260 |
_aMéxico . _bLimusa, _c2014. |
||
| 300 |
_a111 p. : _bIl., tablas; 23 cm. |
||
| 650 | 1 | 4 |
_aIngeniería civil. _94578 |
| 942 |
_2ddc _cBK |
||
| 999 |
_c35783 _d35783 |
||